000
00314nam a22001337a 4500
040
_c
NUST
082
_a
629.1344
_b
FAR
100
_a
Farooqui, Saeed
_9
118577
245
_a
Aircraft Propulsion/
_c
Saeed Farooqui
260
_a
United Kingdom:
_b
Wiley;
_c
2014.
300
_a
1048p.
521
_b
HB
942
_2
ddc
_c
BK
999
_c
606780
_d
606780